00600nam a22001817a 450000500170000001000150001702000260003203500140005803700090007208200140008110000270009524500770012225000060019926000680020527000900027330000250036370000300038820241114170615.0 aENG-142615 a9789356063983c670.00 aEN-126147 bDBAD a610.7324 aTabloski, Patricia A.  aGenetics And Genomics For Nursing/cBy Carole Kenner and Judith A. Lewis a1 aUttar PradeshbPearson India Education Services Pvt. Ltd.c2025 a1st Floor, Berger Tower, Plot No. C-001A/2, Sector 16BbNoida (Uttar Pradesh)e201301 axxi, 383p.c28cm(pb) aLewis, Judith A. eAuthor